[Event "CZE-chTW U20 1314"]
[Site "Czech Republic"]
[Date "2013.12.07"]
[Round "5.6"]
[White "Mladek, Richard"]
[Black "Svanda, Petr"]
[Result "1-0"]
[WhiteElo "1707"]
[BlackElo "1278"]
[PlyCount "89"]
[EventDate "2013.10.12"]
[EventType "team-tourn"]
[EventRounds "11"]
[EventCountry "CZE"]
[SourceTitle "EXT 2015"]
[Source "ChessBase"]
[SourceDate "2014.11.20"]
[SourceVersion "1"]
[SourceVersionDate "2014.11.20"]
[SourceQuality "1"]
[WhiteTeam "Vlasim (U20)"]
[BlackTeam "Tabor (U20)"]
[WhiteTeamCountry "CZE"]
[BlackTeamCountry "CZE"]

1. e4 e5 2. f4 exf4 3. Nf3 Nc6 4. Nc3 Nf6 5. e5 Ng4 6. d4 d6 7. Bxf4 Be7 8. h3 Nh6 9. Bc4 Bf5 10. 0-0 Rg8 11. Nh4 Bxh4 12. Bxh6 g6 13. e6 fxe6 14. Rxf5 gxf5 15. Qh5+ Kd7 16. Qf7+ Ne7 17. Bxe6+ Kc6 18. d5+ Kb6 19. Na4+ Kb5 20. Nc3+ Kb6 21. Qh5 Bf6 22. Na4+ Ka6 23. Qe2+ b5 24. Nc3 Rb8 25. a4 Kb7 26. axb5 Bd4+ 27. Be3 Bb6 28. Bxb6 cxb6 29. Bxg8 Nxg8 30. Qe6 Ne7 31. Kh2 Qc7 32. Ne2 Re8 33. Nd4 Rf8 34. Nc6 Nc8 35. Qe3 a5 36. bxa6+ Ka8 37. c3 Na7 38. Nd4 Qc8 39. Ne6 Re8 40. Qxb6 Re7 41. Qxd6 Rd7 42. Qe5 Rf7 43. d6 Nc6 44. Qd5 Rd7 45. Nd4 1-0

[Event "Tabor op"]
[Site "Tabor"]
[Date "2013.08.03"]
[Round "8"]
[White "Horak, Jaroslav"]
[Black "Svanda, Petr"]
[Result "1-0"]
[WhiteElo "1590"]
[BlackElo "1250"]
[PlyCount "121"]
[EventDate "2013.07.28"]
[EventType "swiss"]
[EventRounds "9"]
[EventCountry "CZE"]
[SourceTitle "CBM 155 Extra"]
[Source "ChessBase"]
[SourceDate "2013.08.26"]
[SourceVersion "1"]
[SourceVersionDate "2013.08.26"]
[SourceQuality "1"]

1. e4 e5 2. Nf3 Nc6 3. d4 exd4 4. Bc4 Be7 5. 0-0 Nf6 6. e5 Ne4 7. Re1 d5 8. exd6 Nxd6 9. Bd3 Bg4 10. c3 a6 11. Be2 Nf5 12. Nxd4 Bxe2 13. Rxe2 Nfxd4 14. cxd4 Nxd4 15. Rd2 c5 16. Nc3 0-0 17. Rd3 Qc7 18. Nd5 Qe5 19. Nxe7+ Qxe7 20. Be3 Ne6 21. Rd7 Qf6 22. Qb3 b5 23. a4 Rab8 24. a5 Rfd8 25. Rad1 Nd4 26. Qd5 Rxd7 27. Qxd7 Rd8 28. Qg4 Nb3 29. Re1 h6 30. Qg3 c4 31. Bb6 Rc8 32. Qg4 Rf8 33. Qe2 Nd4 34. Qd2 Nb3 35. Qc2 Nd4 36. Qc3 Nc6 37. Qxf6 gxf6 38. Re3 Kg7 39. Rh3 Re8 40. Kf1 Ne5 41. Re3 Kf8 42. Bc5+ Kg7 43. f4 c3 44. bxc3 Rc8 45. Bd4 Nc4 46. Rg3+ Kf8 47. Bxf6 Nd2+ 48. Kg1 Ne4 49. Bg7+ Ke7 50. Re3 f5 51. g4 Ke6 52. Bxh6 Rg8 53. g5 Kd5 54. h4 Ke6 55. h5 Kf7 56. Rd3 Ke7 57. g6 Kf6 58. Kg2 Ke7 59. Kf3 Ke6 60. Re3 Kd5 61. Bg5 1-0

[Event "Tabor op"]
[Site "Tabor"]
[Date "2013.07.31"]
[Round "5"]
[White "Privoznik, Lubos"]
[Black "Svanda, Petr"]
[Result "1-0"]
[WhiteElo "1676"]
[BlackElo "1250"]
[PlyCount "45"]
[EventDate "2013.07.28"]
[EventType "swiss"]
[EventRounds "9"]
[EventCountry "CZE"]
[SourceTitle "CBM 155 Extra"]
[Source "ChessBase"]
[SourceDate "2013.08.26"]
[SourceVersion "1"]
[SourceVersionDate "2013.08.26"]
[SourceQuality "1"]

1. e4 e5 2. Nf3 Nc6 3. Bc4 Bc5 4. c3 Nf6 5. d3 d6 6. 0-0 Bg4 7. h3 Bh5 8. Bb3 Qd7 9. Qe2 0-0-0 10. Be3 Rhg8 11. Bd1 g5 12. Qe1 g4 13. Nh4 gxh3 14. g3 Bxd1 15. Qxd1 Bxe3 16. fxe3 Rxg3+ 17. Kh2 Rdg8 18. Rxf6 Qe7 19. Qf1 R8g4 20. Nd2 Rxh4 21. Kxg3 h2 22. Qf5+ Kd8 23. Kxh4 1-0

[Event "Tabor op"]
[Site "Tabor"]
[Date "2013.07.28"]
[Round "1"]
[White "Kula, Dominik"]
[Black "Svanda, Petr"]
[Result "1-0"]
[WhiteElo "1906"]
[BlackElo "1250"]
[PlyCount "47"]
[EventDate "2013.07.28"]
[EventType "swiss"]
[EventRounds "9"]
[EventCountry "CZE"]
[SourceTitle "CBM 155 Extra"]
[Source "ChessBase"]
[SourceDate "2013.08.26"]
[SourceVersion "1"]
[SourceVersionDate "2013.08.26"]
[SourceQuality "1"]

1. e4 e5 2. Nf3 Nc6 3. Bb5 a6 4. Ba4 Nf6 5. 0-0 b5 6. Bb3 d5 7. exd5 Nxd5 8. Re1 Bg4 9. Nxe5 Nxe5 10. Rxe5+ Be6 11. Bxd5 Qd7 12. Bxa8 Bd6 13. Qf3 0-0 14. Re1 Bg4 15. Bc6 Qc8 16. Qe3 Bd7 17. Bxd7 Qxd7 18. Nc3 c6 19. b3 f6 20. Bb2 Be5 21. Rab1 Re8 22. Qh3 Qe7 23. d4 Bxh2+ 24. Kxh2 1-0